Nutrition for Anemia (Record no. 12576)

MARC details
000 -LEADER
fixed length control field 01067nam a2200121Ia 4500
008 - FIXED-LENGTH DATA ELEMENTS--GENERAL INFORMATION
fixed length control field 220615s9999||||xx |||||||||||||| ||und||
245 #0 - TITLE STATEMENT
Title Nutrition for Anemia
546 ## - LANGUAGE NOTE
Language note English[eng]
650 ## - SUBJECT ADDED ENTRY--TOPICAL TERM
Topical term or geographic name entry element iron deficiency anemia||fermented goat milk||brain molecular functions||neuroprotective effect||iron supplementation||pregnancy||randomized controlled trial||serum ferritin||hemoglobin||iron status||iron stores||HFE gene||iron||anemia||kidney||hepcidin||erythropoietin||celiac disease||gluten-free diet||iron deficiency||micronutrient deficiencies||infant||breast milk||formula milk||high intensity exercise||ubiquinol||hematological parameters||inflammation||ergogenic effect||acai||erythropoiesis||anaemia||altitude adjustment||haemoglobin||South Africa||women of reproductive age||nutritional adequacy||children||fermented cow and goat milk||iron homeostasis||iron repletion||gene and protein expression||redox unbalance||prematurity||transfusion||blood-sparing
700 ## - ADDED ENTRY--PERSONAL NAME
Personal name Diaz-Castro, Javier
856 ## - ELECTRONIC LOCATION AND ACCESS
Uniform Resource Identifier <a href="https://mdpi.com/books/pdfview/book/2735">https://mdpi.com/books/pdfview/book/2735</a>
942 ## - ADDED ENTRY ELEMENTS (KOHA)
Koha item type E-Books
Holdings
Withdrawn status Lost status Damaged status Not for loan Home library Current library Date acquired Total Checkouts Date last seen Price effective from Koha item type
        Kerala University of Digital Sciences, Innovation and Technology Knowledge Centre Kerala University of Digital Sciences, Innovation and Technology Knowledge Centre 15/06/2022   15/06/2022 15/06/2022 E-Books